000 01051 a2200193 4500
020 _a0324319789 (hardcover)
020 _a9780324319781 (hardcover)
082 0 4 _a658.3
090 _c4733
_d4733
100 1 _aWerner, Jon M.
245 1 0 _aHuman resource development /
_cJon M. Werner, Randy L. DeSimone.
250 _a4th ed.
260 _a[S.l.] :
_bSouth-Western College Pub,
_c2005.
300 _a720 p. ;
_c24 cm.
520 _aMaster the basics of human resource development with HUMAN RESOURCE DEVELOPMENT! Providing you with a clear understanding of the concepts, processes, and practices that form the basis of success, this management text shows you how concepts and theory can be put into practice in a variety of organizations. Coverage includes strategic issues in HRD, employee behavior, implementing HRD programs, training, research and statistics, and team-based coverage.
700 1 _aDeSimone, Randy L.
856 4 0 _3Amazon.com
_uhttp://www.amazon.com/exec/obidos/ASIN/0324319789/chopaconline-20
942 _aNBS
_cBK
_k658.3 WER
999 _c347165
_d347165